000 00447nam a2200169 i 4500
001 bg
100 1 _aELISHAKOFF, Isaac
245 0 _aProbablistic methods in the theory of structures /
_cI. Elishakoff.
260 _aNew York :
_bJohn Wiley and Sons,
_c1983.
020 _a0471875724
040 _cBPK
041 _apol
080 _a624:519.7:539.3/.6
920 _a0-471-87572-4
942 _cKS
008 s pl f |000 0 pol
999 _c28301
_d28301
856 _uhttp://koha.tu.koszalin.pl/cgi-bin/koha/opac-detail.pl?biblionumber=28301
_yKatalog online BPK